000 00310nam a22001337a 4500
008 170502b xxu||||| |||| 00| 0 eng d
020 _a2901111835575
041 _aeng
080 _27 ED
_a343.9
100 _a13
101 _aSHJ
245 _aCRIMINAL JUSTICE IN ACTION
_cGAINES.L..K
942 _2udc
_cBK
999 _c12318
_d12318